000 00727nam a2200229 a 4500
001 13577
003 BD-JhCC
005 20240301100154.0
008 240229b2015 bg |||| ||a 000 0 ben d
020 _a9847013305316
035 _a(BD-JhCC)13577
040 _aBD-JhCC
_dBD-JhCC
041 _aBengali
082 _a891.4435
_bROS 2015
100 _aরওশন,দন্ত্যস
245 _aশিশু-কিশোর গল্পগ্রন্থ :
_bসাধুর পাখিরা /
_cদন্ত্যস রওশন।
260 _aঢাকা:
_bকাকলী প্রকাশনী;
_c2015.
300 _a80 p. :
_c22 cm
650 _aBengali Short Story.
942 _2ddc
_cBK
999 _c13577
_d13577